CLINICAL AUDIOLOGY AN INTRODUCTION (Record no. 31308)

MARC details
000 -LEADER
fixed length control field 00348nam a22001577a 4500
003 - CONTROL NUMBER IDENTIFIER
control field SGT
020 ## - INTERNATIONAL STANDARD BOOK NUMBER
International Standard Book Number 9781944883881
082 ## - DEWEY DECIMAL CLASSIFICATION NUMBER
Classification number 617.8
Item number C16S
100 ## - MAIN ENTRY--PERSONAL NAME
Personal name STACH, BRAD A.
245 ## - TITLE STATEMENT
Title CLINICAL AUDIOLOGY AN INTRODUCTION
250 ## - EDITION STATEMENT
Edition statement 2ND
260 ## - PUBLICATION, DISTRIBUTION, ETC. (IMPRINT)
Place of publication, distribution, etc SAN DIEGO
Name of publisher, distributor, etc PLURAL PUB
Year of Publication 2016
300 ## - PAGE DESCRIPTION
No. of Pages 788
650 ## - SUBJECT ADDED ENTRY--TOPICAL TERM
Topical term or geographic name as entry element AUDIOLOGY
942 ## - ADDED ENTRY ELEMENTS (KOHA)
Source of classification or shelving scheme Dewey Decimal Classification
Koha item type Books
Holdings
Withdrawn status Lost status Source of classification or shelving scheme Damaged status Not for loan Collection code Home library Current library Shelving location Date acquired Vendor Name Cost, normal purchase price SGTU Bill Number Total Checkouts Full call number Accession No. (Barcode) Date last seen Bill Date Koha item type
    Dewey Decimal Classification   Not For Loan MEDICAL SGT Medical Library SGT Medical Library Reference Book 14/05/2025 ABC DELHI 12623.00 SGTU 21139   617.8 C16S FM15452 10/06/2025 14/05/2025 Books
    Dewey Decimal Classification   Not For Loan MEDICAL SGT Medical Library SGT Medical Library Reference Book 14/05/2025 ABC DELHI 12623.00 SGTU 21139   617.8 C16S FM15453 10/06/2025 14/05/2025 Books